000 01153nam a2200349 c 4500
001 7614
003 ES-MaCES
005 20141221121914.0
008 980815s1994 sp a f 000 | spa d
017 _aM 28115-1994
_bDL
020 _a8470522248
035 _aCES19980077880m
040 _aES-MaCES
_bspa
_cES-MaCES
100 1 _aSantos Diez, Ricardo
_923487
245 1 0 _aDerecho urbanístico
_b: manual para juristas y técnicos
_cRicardo Santos Diez, Julio Castelao Rodríguez
260 _aMadrid
_bPublicaciones Abella, El Consultor de los Ayuntamientos y de los Juzgados
_c1994
300 _a909 p.
_c24 cm
500 _aÍndices
541 _cGratuito
650 4 _aurbanización
_928625
650 4 _aplanificación urbana
_928620
650 4 _asuelo
_928798
650 4 _aEspaña
_926964
650 4 _aderecho administrativo
_927155
650 4 _amanual
_929264
653 1 0 _aDerecho administrativo
700 1 _aCastelao Rodríguez, Julio
_99244
710 2 _aEl Consultor de los Ayuntamientos y de los Juzgados
_eed.
_92641
902 _aLIB Libro
942 _2CES
_cBK
_h6.0.2.
999 _c7614
_d7614